Who's Your Mommy? Quiz Stats

 Plays Quiz Updated May 11, 2014

Support Sporcle.
Go Orange.
Score 0/15 Timer 06:00
0 Plays Today
% Correct
Kanga
77.9%
Mrs. Potts
77.7%
Elastigirl
74.5%
Lady Capulet
73.2%
Padmé Amidala
67%
Anne Boleyn
62.7%
Bella Swan
59.4%
A Tigress
58.9%
% Correct
Rebekah
55.2%
Venus
50.4%
Mary Wollstonecraft
47.2%
Merope Gaunt
38.8%
Klara Pölzl
36.5%
Shelby Corcoran
31.7%
Amanda Grayson
16.9%

From the Vault

'The Simpsons' Episodes by Any Word

by Flick

Character names are a good place to start.
Remove Ads.
Support Sporcle.
Get the best of Sporcle when you Go Orange. This ad-free experience offers more features, more stats, and more fun while also helping to support Sporcle. Thank you for becoming a member.

Show Comments

Extras

Top Quizzes Today


Score Distribution

Your Account Isn't Verified!

In order to create a playlist on Sporcle, you need to verify the email address you used during registration. Go to your Sporcle Settings to finish the process.

Report this User

Report this user for behavior that violates our Community Guidelines.

Details: